000 00975nam a2200229Ii 4500
003 JO-AjNU
008 230605s9999||||xx |||||||||||||| ||und||
017 _a2004/5/1290
020 _a997-16-061-3
040 _aJO-AjNU
_bara
_erda
_cJO-AjNU
041 _aara
050 1 4 _aK564.C6.A286.2005
100 3 _a أبو الهيجاء، محمد ابراهيم ,
_eauthor
_945176
245 0 0 _aعقود التجارة الإلكترونية : العقود الإلكترونية - القانون الواجب التطبيق -- المنازعات العقدية وغير العقدية
250 _aط1
264 3 1 _aعمان : دار الثقافة ، 2004
300 _a170ص
336 _atext
_btxt
_2rdacontent
337 _aunmediated
_bn
_2rdamedia
338 _avolume
_bnc
_2rdacarrier
650 4 _aالقانون التجاري -- التجارة -- القانون المدني -- التجارة الخارجية -- التجارة الالكترونية
_945177
999 _aA19563
_c23131
_d23131